000 00212nam a2200085Ia 4500
008 220204s9999 xx 000 0 und d
082 _a058(4)
_bEUR
245 0 _aEuropa yearbook. 1977: World survey. V 1
942 _cBK
999 _c25739
_d25739